000 00322 a2200121 4500
000 nam a22 7a 4500
005 20260207160515.0
020 _a9788120843479
100 _aRaja Ram Mohan Roy
_91114394
245 _aVedic Physics Scientific Origin of Hinduism
260 _bMotilal Banarsidass
_c2024
942 _cTEXL
999 _c1678938
_d1678938